[Event "Mondiale Semilampo 2016"]
[Site "Doha QAT"]
[Date "2016.12.26"]
[Round "2.50"]
[White "Khusnutdinov, Rustam"]
[Black "Stratonowitsch, Andre"]
[Result "1-0"]
[WhiteTitle "GM"]
[WhiteElo "2458"]
[BlackElo "2138"]
[WhiteFideId "13701703"]
[BlackFideId "24613959"]
[EventDate "2016.12.26"]

1. e4 c5 2. Nf3 e6 3. d4 cxd4 4. Nxd4 Nc6 5. Nc3 Qc7 6. Be3 a6 7. Qf3 Nf6 8.
O-O-O Bb4 9. Nxc6 bxc6 10. Bd4 Be7 11. e5 Nd5 12. Ne4 O-O 13. Nf6+ gxf6 14. exf6
Bxf6 15. Bxf6 Nxf6 16. Qxf6 Qd8 17. Qf4 d5 18. g4 Qe7 19. Re1 Re8 20. Bd3 e5 21.
Qh6 e4 22. f3 Qe6 23. Qxe6 Rxe6 24. fxe4 Bd7 25. Kd2 Rb8 26. b3 a5 27. exd5 cxd5
28. a3 Kg7 29. g5 Rxe1 30. Rxe1 Be6 31. Kc3 Rc8+ 32. Kd4 Rc7 33. h4 Rc6 34. b4
axb4 35. axb4 h6 36. b5 Rc8 37. b6 hxg5 38. hxg5 Rb8 39. Kc5 1-0

[Event "Mondiale Semilampo 2016"]
[Site "Doha QAT"]
[Date "2016.12.26"]
[Round "2.51"]
[White "Gholami, Aryan"]
[Black "Lalith, Babu M R"]
[Result "1/2-1/2"]
[WhiteTitle "IM"]
[BlackTitle "GM"]
[WhiteElo "2422"]
[BlackElo "2587"]
[WhiteFideId "12513342"]
[BlackFideId "5024595"]
[EventDate "2016.12.26"]

1. e4 e5 2. Nf3 Nc6 3. Bb5 a6 4. Ba4 Nf6 5. O-O Nxe4 6. d4 b5 7. Bb3 d5 8. dxe5
Be6 9. c3 Be7 10. Nbd2 Nc5 11. Bc2 d4 12. cxd4 Nxd4 13. Nxd4 Qxd4 14. Nf3 Qxd1
15. Rxd1 O-O 16. Nd4 Rfd8 17. Be3 Bd5 18. f4 Bb7 19. Rac1 Bf8 20. f5 Rac8 21. e6
fxe6 22. Nxe6 Nxe6 23. fxe6 Bd6 24. Bb3 Re8 25. Bc5 Bxc5+ 26. Rxc5 Re7 27. Rd7
Kf8 28. Rf5+ Ke8 29. Rf7 Rxf7 30. Rxf7 Rd8 31. Rxg7 Rd2 32. Rxc7 Rxg2+ 33. Kf1
Be4 34. Rxh7 Rxb2 35. Rh4 Bd3+ 36. Kg1 a5 37. Bd5 Ke7 38. Rg4 Bf5 39. Rg7+ Kd6
40. Rd7+ Ke5 41. Bb3 a4 42. Rd5+ Kxe6 43. Rd2+ Rxb3 44. axb3 a3 45. Rd1 a2 46.
Ra1 Bb1 47. Kf2 Kd5 48. Ke3 Kc5 49. Kd2 Kb4 50. Kc1 Kxb3 51. Rxb1+ axb1=Q+ 52.
Kxb1 Kc4 53. h4 Kd5 54. h5 Ke6 55. Kb2 Kf5 1/2-1/2

[Event "Mondiale Semilampo 2016"]
[Site "Doha QAT"]
[Date "2016.12.26"]
[Round "2.52"]
[White "Borisek, Jure"]
[Black "khayat, Abdullah F"]
[Result "1-0"]
[WhiteTitle "GM"]
[WhiteElo "2561"]
[BlackElo "1732"]
[WhiteFideId "14603152"]
[BlackFideId "21500460"]
[EventDate "2016.12.26"]

1. e4 d5 2. exd5 Nf6 3. Nf3 Nxd5 4. d4 Bg4 5. c4 Nf6 6. Be2 e6 7. Nc3 c6 8. O-O
Be7 9. h3 Bh5 10. Be3 O-O 11. a3 a5 12. Ne5 Bxe2 13. Qxe2 Nbd7 14. f4 Ne8 15.
Rad1 f5 16. d5 Nxe5 17. fxe5 exd5 18. cxd5 cxd5 19. Nxd5 Kh8 20. Nb6 Qb8 21.
Nxa8 Qxa8 22. Rd7 Bh4 23. Qc4 f4 24. Rxf4 Rxf4 25. Qxf4 1-0

[Event "Mondiale Semilampo 2016"]
[Site "Doha QAT"]
[Date "2016.12.26"]
[Round "3.3"]
[White "Aronian, Levon"]
[Black "Amin, Bassem"]
[Result "1-0"]
[WhiteTitle "GM"]
[BlackTitle "GM"]
[WhiteElo "2785"]
[BlackElo "2662"]
[WhiteFideId "13300474"]
[BlackFideId "10601457"]
[EventDate "2016.12.26"]

1. c4 e5 2. g3 d6 3. Bg2 g6 4. d4 Bg7 5. dxe5 dxe5 6. Qxd8+ Kxd8 7. Nc3 c6 8. b3
Bf5 9. Ba3 Nd7 10. O-O-O Nf6 11. Nf3 Ke8 12. h3 h5 13. Nd2 Bf8 14. Bb2 Bh6 15.
e4 Be6 16. Kc2 h4 17. g4 Nh7 18. Nf3 g5 19. Nd5 f6 20. Nc7+ Kf7 21. Nxa8 Rxa8
22. Rd2 Bf8 23. Rhd1 Ke8 24. Ne1 Be7 25. Bf1 Nhf8 26. Ng2 Nc5 27. f3 a5 28. Ne3
Na6 29. Nf5 Bxf5 30. exf5 Rd8 31. Rxd8+ Bxd8 32. Bc3 Nd7 33. a3 Ke7 34. b4 axb4
35. axb4 c5 36. bxc5 Ndxc5 37. Bd3 Bc7 38. Be4 b6 39. Bc6 Bd6 40. Rb1 Nb8 41.
Rxb6 Bc7 42. Rb5 Kd6 43. Be4 Nba6 44. Rb1 1-0

[Event "Mondiale Semilampo 2016"]
[Site "Doha QAT"]
[Date "2016.12.26"]
[Round "3.6"]
[White "Vidit, Santosh Gujrathi"]
[Black "Artemiev, Vladislav"]
[Result "1-0"]
[WhiteTitle "GM"]
[BlackTitle "GM"]
[WhiteElo "2689"]
[BlackElo "2653"]
[WhiteFideId "5029465"]
[BlackFideId "24101605"]
[EventDate "2016.12.26"]

1. d4 d5 2. Nf3 Nf6 3. c4 c6 4. e3 Bf5 5. Nc3 e6 6. Nh4 Be4 7. f3 Bg6 8. Qb3 Qc7
9. Bd2 Be7 10. O-O-O dxc4 11. Bxc4 b5 12. Be2 a6 13. Nxg6 hxg6 14. Ne4 Nxe4 15.
fxe4 c5 16. Kb1 Nd7 17. e5 Rd8 18. Qc2 Rc8 19. Qe4 Rh4 20. g4 Bg5 21. Rc1 Qb8
22. Be1 Rh3 23. Bg3 cxd4 24. Rxc8+ Qxc8 25. Rc1 Qb8 26. Qxd4 Bh4 27. Bf4 g5 28.
Bf1 gxf4 29. Bxh3 f3 30. Qd6 Kd8 31. Qxa6 Nxe5 32. Bf1 Ke7 33. Rc8 Qd6 34. Re8+
Kd7 1-0

[Event "Mondiale Semilampo 2016"]
[Site "Doha QAT"]
[Date "2016.12.26"]
[Round "3.9"]
[White "Anand, Viswanathan"]
[Black "Howell, David W L"]
[Result "1/2-1/2"]
[WhiteTitle "GM"]
[BlackTitle "GM"]
[WhiteElo "2779"]
[BlackElo "2644"]
[WhiteFideId "5000017"]
[BlackFideId "410608"]
[EventDate "2016.12.26"]

1. e4 e5 2. Nf3 Nc6 3. Bb5 a6 4. Ba4 Nf6 5. O-O Be7 6. Re1 b5 7. Bb3 d6 8. c3
O-O 9. h3 Na5 10. Bc2 c5 11. d4 Nd7 12. Nbd2 exd4 13. cxd4 Nc6 14. d5 Nce5 15.
Nxe5 Nxe5 16. a4 Bb7 17. f4 Ng6 18. Nf3 Re8 19. f5 Nf8 20. Qe2 c4 21. Be3 Bf6
22. Rab1 Nd7 23. b3 c3 24. axb5 axb5 25. Ra1 Ne5 26. Nd4 b4 27. Qb5 Rb8 28. Ra7
Ba8 29. Qa5 Qxa5 30. Rxa5 Bd8 31. Ra4 Nd7 32. Nf3 Bxd5 33. exd5 Rxe3 34. Rxe3
Bb6 35. Kf2 Re8 36. Rxb4 Bxe3+ 37. Ke2 Bc5+ 38. Re4 Rxe4+ 39. Bxe4 Nf6 40. Bc2
Nxd5 41. Kd3 Nf4+ 42. Kxc3 Nxg2 43. b4 Ba7 44. f6 Nf4 45. fxg7 Nxh3 46. Nd4 Kxg7
47. Nf5+ Kf6 48. Nxd6 h5 49. Bb3 Ng5 50. Kd3 h4 51. Ne4+ 1/2-1/2

[Event "Mondiale Semilampo 2016"]
[Site "Doha QAT"]
[Date "2016.12.26"]
[Round "3.10"]
[White "Zhigalko, Sergei"]
[Black "Bu, Xiangzhi"]
[Result "0-1"]
[WhiteTitle "GM"]
[BlackTitle "GM"]
[WhiteElo "2671"]
[BlackElo "2705"]
[WhiteFideId "13502956"]
[BlackFideId "8601445"]
[EventDate "2016.12.26"]

1. e4 e5 2. Nf3 Nc6 3. Bb5 a6 4. Ba4 Nf6 5. O-O b5 6. Bb3 Bb7 7. d3 Be7 8. Nbd2
O-O 9. Re1 d6 10. a3 Re8 11. Nf1 Bf8 12. Bg5 h6 13. Bh4 g6 14. Ne3 Bg7 15. Qd2
Qd7 16. Bxf6 Bxf6 17. Bd5 Rab8 18. h3 h5 19. c4 Nd4 20. Bxb7 Nxf3+ 21. gxf3 Rxb7
22. Nd5 Bg7 23. cxb5 axb5 24. Kg2 c6 25. Nb4 d5 26. Rac1 dxe4 27. fxe4 Re6 28.
Na6 Bf8 29. Nc5 Bxc5 30. Rxc5 Qd8 31. Rec1 Rd7 32. R1c3 Kg7 33. Qe3 Red6 34.
Rxc6 Rxc6 35. Rxc6 Rxd3 36. Rc8 Rxe3 37. Rxd8 Rb3 38. Rd2 h4 39. Rc2 Kf6 40. a4
bxa4 41. Rc4 Rxb2 42. Rxa4 Kg5 43. Ra7 f6 44. Ra6 Rb4 45. Kf3 Rb1 46. Rc6 f5 47.
exf5 gxf5 48. Kg2 e4 49. Rc8 f4 50. Rc5+ Kf6 51. Rh5 f3+ 52. Kh2 e3 53. Rxh4 0-1

[Event "Mondiale Semilampo 2016"]
[Site "Doha QAT"]
[Date "2016.12.26"]
[Round "3.11"]
[White "Riazantsev, Alexander"]
[Black "Wojtaszek, Radoslaw"]
[Result "1/2-1/2"]
[WhiteTitle "GM"]
[BlackTitle "GM"]
[WhiteElo "2671"]
[BlackElo "2749"]
[WhiteFideId "4125029"]
[BlackFideId "1118358"]
[EventDate "2016.12.26"]

1. d4 Nf6 2. c4 e6 3. Nf3 d5 4. Nc3 Bb4 5. e3 O-O 6. Bd2 b6 7. cxd5 exd5 8. Rc1
Bb7 9. Bd3 Be7 10. O-O Nbd7 11. Be1 c5 12. Ne5 cxd4 13. exd4 Nxe5 14. dxe5 Nd7
15. f4 Nc5 16. Ne2 d4 17. Ng3 Nxd3 18. Qxd3 Qd5 19. Rc2 Rfc8 20. Rd2 g6 21. a3
a5 22. Qb1 d3 23. Kh1 Bc5 24. Rf3 Ba6 25. Bf2 Bxf2 26. Rfxf2 Rc7 27. Qe1 Rac8
28. Rf1 Bb7 29. f5 Rc2 30. e6 Rxd2 31. Qxd2 fxe6 32. fxe6 Re8 33. Re1 h5 34. Nf1
Rxe6 35. Rxe6 Qxe6 36. Qxd3 Qc6 37. Qd2 Qd5 38. Qc2 Kg7 39. Qc3+ Kf7 40. Qc2 Qe4
41. Qf2+ Kg7 42. Kg1 b5 43. h3 b4 44. axb4 axb4 45. Ne3 Bc6 46. Qd2 Qf4 47. Qd3
Kh7 48. Qe2 Kg7 49. Qd3 Qe4 50. Qd2 Qf4 51. Qd3 Qe4 52. Qd2 Qf4 1/2-1/2

[Event "Mondiale Semilampo 2016"]
[Site "Doha QAT"]
[Date "2016.12.26"]
[Round "3.12"]
[White "Onischuk, Vladimir"]
[Black "Li, Chao b"]
[Result "0-1"]
[WhiteTitle "GM"]
[BlackTitle "GM"]
[WhiteElo "2601"]
[BlackElo "2720"]
[WhiteFideId "14114038"]
[BlackFideId "8604436"]
[EventDate "2016.12.26"]

1. e4 e5 2. Nf3 Nf6 3. Nxe5 d6 4. Nf3 Nxe4 5. Qe2 Qe7 6. d3 Nf6 7. Bg5 Qxe2+ 8.
Bxe2 Be7 9. Nc3 c6 10. O-O-O h6 11. Bd2 Be6 12. Rde1 Nbd7 13. Nd4 O-O-O 14. Bd1
Nf8 15. f4 Re8 16. Nxe6 Nxe6 17. g4 Bd8 18. h4 g6 19. Ref1 d5 20. f5 gxf5 21.
Rxf5 Reg8 22. Rg1 Ne8 23. Be1 Nd6 24. Rff1 Kd7 25. Ne2 Rh7 26. Nf4 Nxf4 27. Rxf4
Re8 28. Rff1 Rg7 29. Rh1 Bb6 30. c3 Be3+ 31. Kc2 f5 32. gxf5 Rf8 33. f6 Rg2+ 34.
Kb1 Ke6 35. Rf3 Bg1 36. Rg3 Rg8 37. Rxg8 Rxg8 38. Bd2 Nf5 39. Rh3 Rg2 40. Kc1
Kxf6 41. Rf3 Rf2 42. Rxf2 Bxf2 43. h5 Be3 44. b4 Kg5 45. a4 Bxd2+ 46. Kxd2 Ng3
47. a5 Nxh5 48. c4 d4 49. Bf3 Ng7 50. a6 bxa6 51. Bxc6 Ne6 52. Bb7 Nc7 53. Ke2
Kf4 54. Bf3 a5 55. bxa5 Ne6 56. Bd5 Nc5 57. Bf7 Nb3 58. Kf2 Nxa5 59. c5 Ke5 60.
Kf3 Nc6 61. Bb3 a5 62. Kg4 Nb4 63. Bc4 a4 64. Kh5 a3 65. Kxh6 Nxd3 66. c6 Kd6 0-1

[Event "Mondiale Semilampo 2016"]
[Site "Doha QAT"]
[Date "2016.12.26"]
[Round "3.13"]
[White "Najer, Evgeniy"]
[Black "Inarkiev, Ernesto"]
[Result "0-1"]
[WhiteTitle "GM"]
[BlackTitle "GM"]
[WhiteElo "2679"]
[BlackElo "2709"]
[WhiteFideId "4118987"]
[BlackFideId "4162722"]
[EventDate "2016.12.26"]

1. e4 e5 2. Nf3 Nc6 3. Bc4 Bc5 4. O-O Nf6 5. d3 d6 6. a4 a6 7. c3 Ba7 8. b4 Ne7
9. Be3 Bxe3 10. fxe3 a5 11. Nbd2 O-O 12. Bb3 Ng6 13. Qc2 c6 14. d4 Qc7 15. Kh1
b6 16. h3 Bb7 17. Rf2 Rac8 18. bxa5 bxa5 19. Nh2 d5 20. Rxf6 gxf6 21. Ng4 Kg7
22. Rf1 exd4 23. cxd4 Ba6 24. Rf2 Qg3 25. Kg1 h5 26. Nxf6 Qxe3 27. Nxh5+ Kh6 28.
Nf6 Kg7 29. e5 c5 30. Nxd5 Qe1+ 31. Nf1 cxd4 32. Nc7 Bxf1 33. Rxf1 Qxe5 34. Bxf7
Rxf7 35. Rxf7+ Kxf7 36. Qc4+ Kf6 37. Qc6+ Kf7 38. Qc4+ Ke7 0-1

[Event "Mondiale Semilampo 2016"]
[Site "Doha QAT"]
[Date "2016.12.26"]
[Round "3.14"]
[White "Dreev, Aleksey"]
[Black "Vitiugov, Nikita"]
[Result "1-0"]
[WhiteTitle "GM"]
[BlackTitle "GM"]
[WhiteElo "2652"]
[BlackElo "2726"]
[WhiteFideId "4100107"]
[BlackFideId "4152956"]
[EventDate "2016.12.26"]

1. d4 Nf6 2. Nf3 e6 3. c4 d5 4. Nc3 Nbd7 5. cxd5 exd5 6. Qc2 c6 7. Bg5 Be7 8. e3
Nh5 9. Bxe7 Qxe7 10. O-O-O Nb6 11. Ne5 Nf6 12. Bd3 Ng4 13. Nf3 Be6 14. Kb1 O-O-O
15. Rc1 Kb8 16. Rhe1 Nf6 17. Nd2 Rc8 18. Nb3 Nfd7 19. f3 g6 20. Qf2 h5 21. h4
Rhg8 22. e4 dxe4 23. Nxe4 Bxb3 24. axb3 Qb4 25. Bc4 Nxc4 26. bxc4 Nb6 27. Qg3+
Ka8 28. Qd6 Qa4 29. Qc5 Nd7 30. Qe7 Rcd8 31. Nd6 c5 32. d5 a6 33. Qxf7 Rb8 34.
Re3 Rgf8 35. Qe7 Nb6 36. Nb5 Qb4 37. Ra3 Na4 38. Rxa4 Qxa4 39. Nc7+ Ka7 40.
Qxc5+ b6 41. Qe7 Rb7 42. Qxf8 Rxc7 43. d6 Rd7 44. Qc8 Rb7 45. Re1 Qb3 46. Qc6
Qd3+ 47. Ka2 Qf5 48. Re7 Qa5+ 49. Kb3 1-0

[Event "Mondiale Semilampo 2016"]
[Site "Doha QAT"]
[Date "2016.12.26"]
[Round "3.15"]
[White "Jakovenko, Dmitry"]
[Black "Pantsulaia, Levan"]
[Result "0-1"]
[WhiteTitle "GM"]
[BlackTitle "GM"]
[WhiteElo "2704"]
[BlackElo "2607"]
[WhiteFideId "4122356"]
[BlackFideId "13602071"]
[EventDate "2016.12.26"]

1. d4 Nf6 2. c4 c5 3. d5 e6 4. Nc3 exd5 5. cxd5 d6 6. g3 g6 7. Bg2 Bg7 8. Nf3
O-O 9. O-O Re8 10. Bf4 h6 11. Qc1 g5 12. Bd2 Bf5 13. Rd1 Nbd7 14. h4 g4 15. Nh2
Kh7 16. Nf1 Ne5 17. Ne3 Bg6 18. b3 Nfd7 19. a4 h5 20. Ra2 a6 21. Ne4 Qe7 22. a5
Kg8 23. Bc3 Bh6 24. Nf5 Bxc1 25. Nxe7+ Rxe7 26. Rxc1 Bxe4 27. Bxe4 Nf6 28. Bg2
Ned7 29. b4 Ne4 30. Be1 cxb4 31. Bxb4 Nec5 32. Kf1 Rb8 33. Rb1 b5 34. axb6 Rxb6
35. Rbb2 Re8 36. Ba5 Rxb2 37. Rxb2 Ne5 38. Rb4 Rc8 39. Ke1 f5 40. Kd1 Kf7 41. f3
Ke7 42. f4 Ned7 43. e4 Nd3 44. Rd4 Rc1+ 45. Ke2 Rg1 46. Bf1 N7c5 47. e5 Rxg3 48.
Bc7 dxe5 49. fxe5 f4 50. e6 Re3+ 51. Kd2 Nb3+ 52. Kc3 Ne5+ 53. Rd3 Nxd3 54. Kxb3
Rf3 55. Bxd3 Rxd3+ 56. Kc4 Rf3 57. Bb6 Re3 58. Bc5+ Ke8 0-1

[Event "Mondiale Semilampo 2016"]
[Site "Doha QAT"]
[Date "2016.12.26"]
[Round "3.16"]
[White "Quparadze, Giga"]
[Black "Vallejo Pons, Francisco"]
[Result "1/2-1/2"]
[WhiteTitle "IM"]
[BlackTitle "GM"]
[WhiteElo "2481"]
[BlackElo "2711"]
[WhiteFideId "13602250"]
[BlackFideId "2205530"]
[EventDate "2016.12.26"]

1. e4 e5 2. Nf3 Nc6 3. Bb5 Bc5 4. O-O Nd4 5. Nxd4 Bxd4 6. c3 Bb6 7. d4 c6 8. Bc4
d6 9. dxe5 dxe5 10. Qh5 Qe7 11. Bg5 Nf6 12. Qf3 h6 13. Bxf6 Qxf6 14. Qxf6 gxf6
15. a4 Rg8 16. a5 Bc7 17. Re1 Bh3 18. g3 Rd8 19. Bf1 Be6 20. b4 Ke7 21. Na3 Rd2
22. Nc4 Rc2 23. Rac1 Rxc1 24. Rxc1 Rd8 25. Re1 b5 26. Ne3 a6 27. Rc1 Bb8 28. Rc2
Ba7 29. Nf5+ Kf8 30. Be2 c5 31. Kg2 Bxf5 32. exf5 Rc8 33. Bd3 cxb4 34. cxb4 Rxc2
35. Bxc2 Bd4 36. Be4 Bc3 37. Bb7 Bxb4 38. Bxa6 Bxa5 39. Bxb5 Bb6 1/2-1/2

[Event "Mondiale Semilampo 2016"]
[Site "Doha QAT"]
[Date "2016.12.26"]
[Round "3.17"]
[White "Bortnyk, Olexandr"]
[Black "Grandelius, Nils"]
[Result "1/2-1/2"]
[WhiteTitle "GM"]
[BlackTitle "GM"]
[WhiteElo "2581"]
[BlackElo "2643"]
[WhiteFideId "14120828"]
[BlackFideId "1710400"]
[EventDate "2016.12.26"]

1. e4 c5 2. c3 Nf6 3. e5 Nd5 4. d4 cxd4 5. Nf3 e6 6. cxd4 b6 7. Bc4 Ba6 8. Bxd5
exd5 9. Nc3 Bb4 10. Qb3 Bxc3+ 11. bxc3 Bc4 12. Qa3 d6 13. Qxd6 Qxd6 14. exd6 f6
15. Nd2 Ba6 16. Ba3 Kd7 17. O-O-O Nc6 18. h4 Rhe8 19. Rh3 Rac8 20. Rg3 g6 21.
Kb1 Re2 22. f4 Rce8 23. h5 R8e3 24. Rxe3 Rxe3 25. hxg6 hxg6 26. Kc2 Nxd4+ 27.
Kb2 Nb5 28. Bb4 Nxd6 29. Rh1 Nc4+ 30. Nxc4 Bxc4 31. Rh7+ Kc6 32. Rxa7 Re2+ 33.
Kc1 Rxg2 34. Rf7 f5 35. a4 Bb3 36. Rf6+ Kb7 37. a5 bxa5 38. Bxa5 Bc4 39. Bb6 Bd3
40. Bd4 Be4 41. Kd1 Kc7 42. Ke1 Kd7 43. Kf1 Rg4 44. Be5 g5 45. Rg6 gxf4 46. Rxg4
fxg4 47. Bxf4 Ke6 1/2-1/2

[Event "Mondiale Semilampo 2016"]
[Site "Doha QAT"]
[Date "2016.12.26"]
[Round "3.18"]
[White "Naiditsch, Arkadij"]
[Black "Atabayev, Yusup"]
[Result "0-1"]
[WhiteTitle "GM"]
[BlackTitle "IM"]
[WhiteElo "2687"]
[BlackElo "2473"]
[WhiteFideId "4650891"]
[BlackFideId "14001128"]
[EventDate "2016.12.26"]

1. e4 c5 2. Nf3 Nc6 3. Bb5 e6 4. Bxc6 bxc6 5. b3 Ne7 6. Ba3 Ng6 7. d4 Qa5+ 8.
Qd2 Qxd2+ 9. Nbxd2 cxd4 10. Bxf8 Kxf8 11. Nxd4 Ke7 12. O-O-O Ba6 13. Rhe1 Nf4
14. e5 c5 15. N4f3 Be2 16. Rxe2 Nxe2+ 17. Kb2 Nf4 18. g3 Ng6 19. Ne4 Rac8 20.
Rd6 f6 21. exf6+ gxf6 22. Ra6 Rc7 23. c4 Rb8 24. Ra5 d6 25. Nc3 Rbb7 26. Ne1 Ne5
27. Nb5 Rd7 28. Ra6 d5 29. Kc3 Rb6 30. Ra4 dxc4 31. Nxa7 Rbb7 32. Nc8+ Kd8 33.
Ra8 Kc7 34. Na7 cxb3 35. axb3 Rd1 36. f4 Rxe1 37. fxe5 Rxe5 38. Rc8+ Kd7 39. Rf8
Ke7 40. Rh8 Rh5 41. Nc6+ Kd7 42. Na5 Ra7 43. Nc4 Rxh2 44. Rf8 Ke7 45. Rc8 Rh3
46. Nb6 Rb7 0-1

[Event "Mondiale Semilampo 2016"]
[Site "Doha QAT"]
[Date "2016.12.26"]
[Round "3.20"]
[White "Nepomniachtchi, Ian"]
[Black "Adhiban, Baskaran"]
[Result "1-0"]
[WhiteTitle "GM"]
[BlackTitle "GM"]
[WhiteElo "2767"]
[BlackElo "2666"]
[WhiteFideId "4168119"]
[BlackFideId "5018471"]
[EventDate "2016.12.26"]

1. e4 c5 2. Nf3 e6 3. d4 cxd4 4. Nxd4 Nc6 5. Nc3 Qc7 6. Be3 a6 7. Qf3 Nf6 8.
O-O-O Rb8 9. Be2 d6 10. Qg3 Nxd4 11. Bxd4 e5 12. Ba7 Ra8 13. Be3 b5 14. f4 Bb7
15. fxe5 Nxe4 16. Nxe4 Bxe4 17. Bd3 Bxd3 18. Rxd3 dxe5 19. Rhd1 f6 20. Qh3 Qc8
21. Rd8+ Qxd8 22. Rxd8+ Kxd8 23. Qe6 Kc7 24. Qb6+ Kc8 25. Qc6+ Kb8 26. Bb6 Ra7
27. Bxa7+ Kxa7 28. Qc7+ Ka8 29. Qb6 b4 30. Qxa6+ Kb8 31. Qc6 Be7 32. Qd7 Bd8 33.
Qxg7 Re8 34. Qd7 Rg8 35. Qd5 Rh8 36. Qd6+ Kc8 37. Qxb4 Bc7 38. Qe7 Kb7 39. Qxf6
Re8 40. Qf7 Rd8 41. Qxh7 Kb8 42. c3 1-0

[Event "Mondiale Semilampo 2016"]
[Site "Doha QAT"]
[Date "2016.12.26"]
[Round "3.25"]
[White "Adly, Ahmed"]
[Black "Melkumyan, Hrant"]
[Result "0-1"]
[WhiteTitle "GM"]
[BlackTitle "GM"]
[WhiteElo "2599"]
[BlackElo "2633"]
[WhiteFideId "10601619"]
[BlackFideId "13302485"]
[EventDate "2016.12.26"]

1. d4 Nf6 2. Nf3 d5 3. g3 g6 4. Bg2 Bg7 5. c4 O-O 6. cxd5 Nxd5 7. O-O Nb6 8. Nc3
Nc6 9. e3 a5 10. Nh4 a4 11. f4 Nb4 12. a3 N4d5 13. e4 Nxc3 14. bxc3 c5 15. Be3
Nc4 16. Bf2 Qa5 17. Qe2 Qa6 18. e5 cxd4 19. cxd4 b5 20. Bxa8 Qxa8 21. g4 Qd5 22.
Qf3 Qxf3 23. Nxf3 Bxg4 24. Bh4 Re8 25. Rf2 Bxf3 26. Rxf3 e6 27. d5 exd5 28. Rd1
Bf8 29. Rxd5 Nxa3 30. Rfd3 b4 31. Rd8 Rxd8 32. Rxd8 b3 33. Rb8 Kg7 34. Bf6+ Kh6
35. Kg2 Bg7 36. Be7 Nc4 37. Kf3 b2 38. Ke2 a3 39. Bxa3 Nxa3 40. Rxb2 Nc4 41. Rb7
Bxe5 42. fxe5 Nxe5 43. Rb5 f6 44. Rb7 g5 45. Kf2 Kg6 46. Rb6 Kf5 47. Kg3 h5 48.
h4 g4 49. Rb8 Nf3 50. Rh8 Kg6 51. Rg8+ Kh7 52. Ra8 Kg7 53. Rb8 Nd4 54. Kf4 Nf3
55. Kg3 Ne5 56. Rb5 Kh6 57. Ra5 Kg6 58. Kf4 Nf3 59. Kg3 Nd4 60. Kf4 Ne6+ 61. Ke4
Ng7 62. Rb5 Ne8 63. Rb6 Ng7 64. Rb5 Ne6 65. Ra5 Nd8 66. Ra8 Ne6 67. Rg8+ Kh7 68.
Ra8 Ng7 69. Rb8 Kh6 70. Ra8 Kg6 71. Rg8 Kf7 72. Rh8 Ke6 73. Kf4 Ke7 74. Rh7 Kf7
75. Rh8 Ne6+ 76. Ke4 Kg6 77. Rg8+ Ng7 78. Ra8 Nf5 79. Rg8+ Kf7 80. Rh8 Kg7 81.
Ra8 Nxh4 82. Kf4 Nf3 83. Ra7+ Kg6 84. Ra8 Ne5 85. Rg8+ Kf7 86. Ra8 Ng6+ 87. Kf5
Ne7+ 88. Kf4 Kg6 89. Ra5 Ng8 90. Rb5 Nh6 91. Kg3 Nf5+ 92. Kf4 Nd4 93. Ra5 Ne6+
94. Kg3 Ng5 95. Kf4 Nf7 96. Ra8 Nh6 97. Ra1 h4 98. Rh1 h3 99. Rf1 Kh5 100. Kg3
Kg5 101. Kh2 f5 102. Ra1 f4 103. Ra8 f3 104. Rf8 Nf5 105. Rg8+ Kf4 106. Ra8 f2
107. Ra4+ Kf3 108. Ra1 Ne3 109. Ra2 g3+ 0-1

[Event "Mondiale Semilampo 2016"]
[Site "Doha QAT"]
[Date "2016.12.26"]
[Round "3.26"]
[White "Malakhov, Vladimir"]
[Black "Tari, Aryan"]
[Result "1/2-1/2"]
[WhiteTitle "GM"]
[BlackTitle "GM"]
[WhiteElo "2713"]
[BlackElo "2584"]
[WhiteFideId "4120787"]
[BlackFideId "1510045"]
[EventDate "2016.12.26"]

1. e4 c6 2. d3 d5 3. Nd2 e5 4. Ngf3 Bd6 5. d4 exd4 6. exd5 Nf6 7. dxc6 Nxc6 8.
Be2 O-O 9. O-O Bc7 10. Nb3 Bb6 11. h3 Qd5 12. Bf4 Bf5 13. Bd3 Nb4 14. Be5 Nxd3
15. cxd3 Rad8 16. Bxd4 Qb5 17. Re1 Qxd3 18. Qxd3 Bxd3 19. Bxb6 axb6 20. Re7 Be4
21. Nfd4 Rfe8 22. Rxe8+ Rxe8 23. Rc1 Bd5 24. f3 g6 25. Kf2 Kf8 26. Rc3 Ke7 27.
a3 Kd7 28. Nc1 Rc8 29. Nce2 Rxc3 30. Nxc3 Bc6 31. g4 Kd6 32. Ke3 Nd5+ 33. Nxd5
Bxd5 34. h4 f6 35. f4 Bc4 36. g5 fxg5 37. hxg5 Bd5 38. Kd3 Bg2 39. Nc2 Bc6 40.
Kd4 Bd7 41. Ne3 Be6 42. b4 b5 43. Ke4 Bd7 44. Nd1 Bc6+ 45. Kd4 b6 46. Nf2 Ke6
47. Ng4 Bb7 48. Ne5 Bg2 49. Nd3 Bc6 50. Nc1 Kf5 51. Ke3 Ke6 52. Ne2 Kd5 53. Kd3
Bd7 54. Nc3+ Ke6 55. Nd1 Bc6 56. Ne3 Bb7 57. Nc2 Bg2 58. Nd4+ Kd5 59. Ke3 Bf1
60. Nf3 Bh3 61. Ne5 Be6 62. Nf3 Bd7 63. Nd4 Be8 64. Ne2 Bc6 65. Kd3 Bd7 66. Nc3+
Ke6 67. Ne4 Bc6 68. Nf2 Kf5 69. Ke3 Ke6 70. Ng4 Bb7 71. Ne5 Bd5 72. Nd3 Bb7 73.
Ne1 Kd6 74. Nc2 Bg2 75. Nd4 Bf1 76. f5 gxf5 77. Kf4 Bd3 78. Nxf5+ Ke6 79. Ne3
Kd6 80. Ng4 Kd5 81. Nf6+ Ke6 82. Ng4 Kd5 83. Ne5 Bg6 84. Nd7 Kc6 85. Nf6 Kd6 86.
Kg4 Ke6 87. Kf4 h6 88. Ng4 hxg5+ 1/2-1/2

[Event "Mondiale Semilampo 2016"]
[Site "Doha QAT"]
[Date "2016.12.26"]
[Round "3.27"]
[White "Flores, Diego"]
[Black "Jobava, Baadur"]
[Result "1/2-1/2"]
[WhiteTitle "GM"]
[BlackTitle "GM"]
[WhiteElo "2579"]
[BlackElo "2702"]
[WhiteFideId "108049"]
[BlackFideId "13601520"]
[EventDate "2016.12.26"]

1. c4 Nf6 2. Nc3 e6 3. d4 Bb4 4. a3 Bxc3+ 5. bxc3 c5 6. e3 Nc6 7. Bd3 d6 8. Ne2
e5 9. O-O O-O 10. Ng3 Nd7 11. f4 Nb6 12. fxe5 dxe5 13. d5 Na5 14. Qh5 g6 15.
Qxe5 Naxc4 16. Bxc4 Nxc4 17. Qe4 b5 18. Qd3 Ne5 19. Qd1 Bg4 20. Qd2 Re8 21. e4
Bd7 22. Qf4 Qe7 23. Be3 Rac8 24. Kh1 a5 25. h3 a4 26. Rad1 Rf8 27. Qf2 f6 28. d6
Qe6 29. Bxc5 Qc4 30. Bd4 Qb3 31. Ne2 Bc6 32. Nf4 Bxe4 33. Rde1 Bc6 34. Qg3 Rf7
35. Nh5 Nd7 36. Nf4 Qxa3 37. Nh5 Rcf8 38. Re6 Qb3 39. Re7 Qd5 40. Nf4 Qxd6 41.
Re6 Qc7 42. Rfe1 Ba8 43. Qg4 Ne5 44. Qg3 a3 45. Ra6 Nc4 46. Ra7 Qb8 47. Rxf7
Rxf7 48. Qf2 Ne5 49. Qa2 Qd6 50. Rf1 Nc4 51. Qe2 Re7 52. Qg4 Qd7 53. Nh5 Qxg4
54. Nxf6+ Kf8 55. hxg4 a2 56. Bc5 Ne3 57. Ra1 Kf7 58. Bxe7 Kxe7 59. Rxa2 Bxg2+
60. Kg1 Kxf6 61. Re2 Bh3 62. Rxe3 Bxg4 63. Kf2 h5 64. Kg3 g5 65. Re8 Be6 66. Rb8
Bc4 67. Rh8 Kg6 68. Re8 Kg7 69. Rb8 Kf6 70. Rh8 Be2 71. Rf8+ Kg7 72. Rf5 Kg6 73.
Re5 Bd3 74. Rc5 h4+ 75. Kg4 Be2+ 76. Kh3 Kh5 77. Re5 Bf1+ 78. Kh2 Kg6 79. Rd5
Bc4 80. Re5 Kf6 81. Rc5 Kg6 82. Re5 g4 83. Rc5 Bf1 84. Kg1 Bd3 85. Kh2 g3+ 86.
Kg2 Be4+ 87. Kh3 Bf5+ 88. Kg2 Kg5 89. Rxb5 Kf4 90. Rb2 h3+ 91. Kg1 Bd3 92. c4
Ke3 93. c5 Be2 94. Rb3+ Kf4 95. Rb4+ Kg5 96. Rb3 h2+ 97. Kg2 Bf1+ 98. Kh1 Kh4
99. Rb8 Bc4 100. Rh8+ Kg4 101. Rxh2 1/2-1/2